Conservation area character appraisals (Record no. 73902)

MARC details
000 -LEADER
fixed length control field 00902cam a2200205 4500
001 - CONTROL NUMBER
control field ABS67278
008 - FIXED-LENGTH DATA ELEMENTS--GENERAL INFORMATION
fixed length control field 031128n2003 000 0 eng u
035 ## - SYSTEM CONTROL NUMBER
System control number (Sirsi) u124527
100 ## - MAIN ENTRY--PERSONAL NAME
Personal name Gillon, J.
245 ## - TITLE STATEMENT
Title Conservation area character appraisals
260 ## - PUBLICATION, DISTRIBUTION, ETC.
Date of publication, distribution, etc. 2003
490 ## - SERIES STATEMENT
Series statement Context
Volume/sequential designation (81) September 2003, 27-28(2)
520 ## - SUMMARY, ETC.
Summary, etc. Looks at the increase in the number of places which have been given conservation area designation. Argues this is often given with little regard as to why and what it can achieve. Concentrates particularly on the 600 of the 10 000 in the UK which are in Scotland. Emphasises that assessments should take in local opinions, as well as just analysis of character.
590 ## - LOCAL NOTE (RLIN)
Local note ABS
650 ## - SUBJECT ADDED ENTRY--TOPICAL TERM
Topical term or geographic name entry element SCOTLAND
650 ## - SUBJECT ADDED ENTRY--TOPICAL TERM
Topical term or geographic name entry element CONSERVATION AREAS
650 ## - SUBJECT ADDED ENTRY--TOPICAL TERM
Topical term or geographic name entry element HISTORIC AREAS
690 ## - LOCAL SUBJECT ADDED ENTRY--TOPICAL TERM (OCLC, RLIN)
Topical term or geographic name as entry element ENVIRONMENTAL AND LAND CONSULTANCY-PLANNING AND DEVELOPMENT
942 ## - ADDED ENTRY ELEMENTS (KOHA)
Suppress in OPAC 0
Holdings
Withdrawn status Lost status Source of classification or shelving scheme Damaged status Not for loan Home library Current library Shelving location Date acquired Total Checkouts Full call number Barcode Date last seen Copy number Price effective from Koha item type
    Dewey Decimal Classification     London London Journal article 28/11/2003   ABS67278 124527-1001 06/08/2019 1 06/08/2019 Journal article